| 000 | 00780cam a2200265 i 4500 | ||
|---|---|---|---|
| 001 | 768714001 | ||
| 003 | CO-MdBIC | ||
| 005 | 20231130102851.0 | ||
| 008 | 231130s1964 cl ||||| |||| 00| 0 spa d | ||
| 040 |
_bspa. _aCO-MdFUSB _cCO-MdFUSB _dCO-MdFUSBC _erda |
||
| 041 | _aspa | ||
| 082 | 0 | 4 | _aG 231.3 T944v |
| 100 | 1 | _aTurner, Harry L. | |
| 245 | 1 | 0 |
_aLa voz del Espíritu / Harry L. Turner ; Guido Bucher, Traductor _c/ |
| 264 | 1 |
_aTemuco, Chile : Alianza _bAlianza, _c[1964] |
|
| 264 | 4 | _c©1964 | |
| 300 |
_a152 Pag _c; |
||
| 336 |
_atexto _btxt _2rdacontent |
||
| 337 |
_2rdamedia _asin mediación _bn |
||
| 338 |
_2rdacarrier _avolumen _bnc |
||
| 500 | _aTítulo original : The voice of the Spirit | ||
| 650 | 1 | 0 |
_aEspíritu Santo _950 |
| 942 | _cBK | ||
| 945 | _ajohan1477 | ||
| 999 |
_c34461 _d34461 |
||